Statutory valuations (Record no. 107390)

MARC details
000 -LEADER
fixed length control field 01144cam a22003255a 4500
001 - CONTROL NUMBER
control field L139968
008 - FIXED-LENGTH DATA ELEMENTS--GENERAL INFORMATION
fixed length control field 070823s2007 xxk f 001 0 eng d
020 ## - INTERNATIONAL STANDARD BOOK NUMBER
International Standard Book Number 9780728205048
035 ## - SYSTEM CONTROL NUMBER
System control number (Sirsi) u139968
041 0# - LANGUAGE CODE
Language code of text/sound track or separate title eng
050 04 - LIBRARY OF CONGRESS CALL NUMBER
Classification number 333.332026 $2 18
100 1# - MAIN ENTRY--PERSONAL NAME
Personal name Baum, Andrew
245 00 - TITLE STATEMENT
Title Statutory valuations
Medium [electronic resource]
250 ## - EDITION STATEMENT
Edition statement 4th ed.
260 ## - PUBLICATION, DISTRIBUTION, ETC.
Place of publication, distribution, etc. London
Name of publisher, distributor, etc. Estates Gazette
Date of publication, distribution, etc. 2007
300 ## - PHYSICAL DESCRIPTION
Extent xxv, 347p.
Dimensions 25cm.
520 ## - SUMMARY, ETC.
Summary, etc. Examines the effect of legislation and case law on property valuation. Recommends approaches to valuation problems and interprets the legal framework to these approaches. chapters. Includes worked examples of valuations and tables of cases and statutes.
520 ## - SUMMARY, ETC.
Summary, etc. Supersedes third edition (ISBN 072820455X).
590 ## - LOCAL NOTE (RLIN)
Local note KA
650 24 - SUBJECT ADDED ENTRY--TOPICAL TERM
Topical term or geographic name entry element EBOOK
651 #4 - SUBJECT ADDED ENTRY--GEOGRAPHIC NAME
Geographic name United Kingdom
Chronological subdivision
690 ## - LOCAL SUBJECT ADDED ENTRY--TOPICAL TERM (OCLC, RLIN)
Topical term or geographic name as entry element Valuation
9 (RLIN) 6273
700 1# - ADDED ENTRY--PERSONAL NAME
Personal name Sams, Gary
700 1# - ADDED ENTRY--PERSONAL NAME
Personal name Ellis, Jennifer
700 1# - ADDED ENTRY--PERSONAL NAME
Personal name Hampson, Claire
700 1# - ADDED ENTRY--PERSONAL NAME
Personal name Stevens, Douglas
856 40 - ELECTRONIC LOCATION AND ACCESS
Uniform Resource Identifier <a href="https://www.vlebooks.com/">https://www.vlebooks.com/</a>
Public note View on VLEbooks. Logins for members only from [email protected]
942 ## - ADDED ENTRY ELEMENTS (KOHA)
Suppress in OPAC 0
Holdings
Withdrawn status Lost status Source of classification or shelving scheme Damaged status Not for loan Home library Current library Shelving location Date acquired Cost, normal purchase price Total Checkouts Full call number Barcode Date last seen Copy number Cost, replacement price Price effective from Koha item type Date last checked out
    Dewey Decimal Classification     London London Books 16/10/2007 114.72   333.332026 BAU 30074303 06/08/2019 1 114.72 06/08/2019 Reference material  
    Dewey Decimal Classification     London London Books 16/10/2007 114.72 7 333.332026 BAU 30074290 06/08/2019 3 114.72 06/08/2019 Book 29/08/2008
    Dewey Decimal Classification     Virtual Virtual Online 17/09/2014     ONLINE PUBLICATION 139968-3001 06/08/2019 1   06/08/2019 Book